000 00950nam a22003257a 4500
001 0027597
003 KOHA_MİRAKIL
005 20260207002603.0
007 ta
008 110216b1999 tu |||grd|||#0|||0|tur |
020 _a9757516139
040 _aTR-BiSEU
_btur
_cTR-BiSEU
_erda
041 0 _atur
044 _ctu
050 _aHB61
_b.S49 1999
100 1 _aSeyidoğlu, Halil.
245 1 _aEkonomik terimler: ansiklopedik sözlük/
_cHalil Seyidoğlu ; Halil Seyidoğlu.
264 1 _aAnkara :
_bGüzem Can Yayınları
_c1999
300 _aVI, 730 s.; 24 cm.
336 _ametin
_btxt
_2rdacontent
337 _aaracısız
_bn
_2rdamedia
338 _acilt
_bnc
_2rdacarrier
490 1 _aGüzem Can Yayınları ;16
500 _aKaynakça var.
650 0 _aEkonomi--Sözlükler.
_93453
650 0 _aEconomics--Dictionaries.
_918071
830 1 _aGüzem Can Yayınları ;16
_954778
907 _aSözlük
942 _2lcc
_cBK
999 _c27531
_d27531